Vlakom za krásami Slovenska špeciálna mapa 4. časť

Bibliographic Details
Corporate Author: BB-MAPY (Banská Bystrica, Slovensko) (Author)
Format: Map
Language:Slovak
PhysicalDescription:1 mapa fareb. 42 x 61 cm, na liste 46 x 62 cm, zložené na 23 x 13 cm
Published: Banská Bystrica BB-MAPY 2016
Edition:1. vyd.
Subjects:

MARC

LEADER 00000cem a2200000 a 4500
001 vtls011554280
003 SK-MaSNL
005 20260426015611.0
007 aj canzn
008 160523s2016 xo jb a 0 slo
015 |a SNBC2017 
034 1 |a a  |b 350000 
040 |a SNK  |b slo  |c SNK  |e AACR2 
041 0 |a slo 
043 |a e-xo--- 
044 |a xo  |c SK 
072 7 |a 656.2  |x Železničná doprava  |2 konspekt 
072 7 |a 913(437)  |x Geografia Česka a Slovenska, reálie, cestovanie  |2 konspekt 
072 7 |a 912  |x Mapy. Atlasy  |2 konspekt 
080 |a 913(437.6)  |2 2011 
080 |a (084.3)656.2  |2 2011 
080 |a 656.2  |2 2011 
080 |a 913:338.483.1  |2 2001 
110 2 |a BB-MAPY (Banská Bystrica, Slovensko)  |4 aut  |4 pbl  |9 335384 
245 1 0 |a Vlakom za krásami Slovenska  |h kartografický dokument  |b špeciálna mapa  |n 4. časť  |c BB-MAPY 
250 |a 1. vyd. 
255 |a Mierka 1:350 000 
260 |a Banská Bystrica  |b BB-MAPY  |c 2016 
300 |a 1 mapa  |b fareb.  |c 42 x 61 cm, na liste 46 x 62 cm, zložené na 23 x 13 cm 
500 |a Príloha denníka Pravda 
500 |a Vysvetlivky ; na rube sieť železníc na Slovensku pre osobnú dopravu a stručný vlastivedný text 
650 0 7 |a železničná doprava  |2 SNKPH  |9 3185 
650 0 7 |a turistické zaujímavosti  |2 SNKPH  |9 73869 
651 7 |a Slovensko  |2 SNKPH  |9 14231 
655 7 |a železničné mapy  |2 SNKPH  |9 426156 
655 7 |a skladané mapy  |2 SNKPH  |9 304180 
655 7 |a mapy pre verejnosť  |2 SNKPH  |9 304181 
772 0 |t Pravda  |x 1335-4051 
852 |a Štátna vedecká knižnica v Banskej Bystrici 
999 |c 1188921  |d 1190851 
952 |a SNK  |b SNK  |y PREZ  |7 0  |p 17A1273075  |o snkSLCm 3292/4  |i snk2017/22028  |8 0  |0 0  |1 0  |4 0  |d 2017-10-10  |l 0  |r 2026-02-24 22:03:54  |w 2026-02-24 
952 |a SNK  |b SNK  |y PREZ  |7 0  |p 17A1273076  |o snkSLCm 3292/4 D1  |i snk2017/22029  |8 0  |0 0  |1 0  |4 0  |d 2017-10-10  |l 0  |r 2026-02-24 22:03:54  |w 2026-02-24